Bravo - The Hits 2010 - Statistiken

Allgemein
  • Dieses Quiz wurde 495 mal gespielt
  • Das Durchschnittsergebnis liegt bei 18 aus 42
Antwortstatistiken
Song Interpret % Korrekt
Waka Waka Shakira
97%
Bad Romance Lady Gaga
93%
Tik Tok Kesha
91%
California Gurls Katy Perry & Snoop Dogg
89%
Satellite Lena
89%
Only Girl (In The World) Rihanna
85%
Geboren Um Zu Leben Unheilig
76%
Disco Pogo Die Atzen
72%
Alors On Danse Stromae
69%
DJ Got Us Fallin' In Love Usher Feat. Pitbull
69%
I Need A Dollar Aloe Blacc
64%
Memories David Guetta Feat. Kid Cudi
61%
Hey, Soul Sister Train
56%
Meet Me Halfway The Black Eyed Peas
53%
Whatcha Say Jason Derulo
52%
Break Your Heart Taio Cruz Feat. Ludacris
50%
Glow Madcon
49%
Fireflies Owl City
49%
Der Himmel Soll Warten Sido Feat. Adel Tawil
41%
Wavin' Flag K'naan Feat will.i.am & David Guetta
40%
Marchin' On OneRepublic
31%
I Will Love You Monday (365) Aura Dione
29%
Whataya Want From Me Adam Lambert
27%
Replay Iyaz
27%
Wonderful Life Hurts
26%
Barbra Streisand Duck Sauce
24%
I Like Keri Hilson
23%
Gebt Uns Ruhig Die Schuld Die Fantastischen Vier
22%
We Are The People Empire Of The Sun
21%
Morning After Dark Timbaland Feat. Nelly Furtado And Soshy
21%
Bitte Hör Nicht Auf Zu Träumen Xavier Naidoo
21%
Fight For This Love Cheryl Cole
19%
Stay The Night James Blunt
18%
We No Speak Americano Yolanda Be Cool & DCUP
18%
Stereo Love Edward Maya Feat. Vika Jigulina
15%
Hello Martin Solveig & Dragonette
15%
Move It Culcha Candela
14%
Helele Velile & Safri Duo
14%
All The Lovers Kylie Minogue
13%
Don't Believe Mehrzad Marashi
12%
Don't Tell Me That It's Over Amy Macdonald
8%
Shame Robbie Williams & Gary Barlow
6%
Keine übereinstimmenden Quizze gefunden
Verteilung der Resultate
Anzahl Personen mit jedem Resultat
Perzentil nach korrekt beantworteten Fragen
Ihre Resultats-Entwicklung
Sie haben dieses Quiz noch nicht gespielt